Der Haararzt : eine neue Untersuchung des Baues, der Bestandtheile und der Verrichtungen der menschlichen Haare, und eine darauf gegründete und durch viele Versuche bewährte Anleitung zu einer Pflege derselben, durch welche ihr Ausgehen und Ergrauen verhindert und ihre Menge und Länge vergrößert werden können, nebst einer Angabe unschädlicher und sicherer Mittel, Haaren von widriger Farbe eine gefallende zu ertheilen : eine Toiletten-Lektüre für Herren und Damen /

Hlavní autor: Jahn, Georg Wilhelm
Jazyk: Němčina
Vydáno: Prag : Buchler, Stephani und Schlosser, 1828
Témata:
Externí odkaz: Digitalizovaný dokument (Bd. 1)
Digitalizovaný dokument (Bd. 2)
Fyzický popis: 2 sv. (162, 126 s.) ; 13 cm
Odebírané svazky: 1-2
Knihy
Uloženo v:
LEADER 01607nam a22002897aa4500
001 001938968
003 CZ BrMZK
005 20250617091925.0
007 ta
008 250617s1828 xr er|||||||||||ger d
015 |a cnb002794514 
040 |a ABA001  |b cze  |d BOA001 
072 7 |a 616  |x Patologie. Klinická medicína  |2 Konspekt  |9 14 
100 1 |a Jahn, Georg Wilhelm  |4 aut 
245 1 4 |a Der Haararzt :  |b eine neue Untersuchung des Baues, der Bestandtheile und der Verrichtungen der menschlichen Haare, und eine darauf gegründete und durch viele Versuche bewährte Anleitung zu einer Pflege derselben, durch welche ihr Ausgehen und Ergrauen verhindert und ihre Menge und Länge vergrößert werden können, nebst einer Angabe unschädlicher und sicherer Mittel, Haaren von widriger Farbe eine gefallende zu ertheilen : eine Toiletten-Lektüre für Herren und Damen /  |c von Georg Wilh. Jahn 
260 |a Prag :  |b Buchler, Stephani und Schlosser,  |c 1828 
300 |a 2 sv. (162, 126 s.) ;  |c 13 cm 
650 0 7 |a vlasy  |7 ph116588  |2 czenas 
856 4 1 |u http://books.google.cz/books?vid=NKP:1002294179&printsec=frontcover  |y Digitalizovaný dokument  |z Bd. 1 
856 4 1 |u http://books.google.cz/books?vid=NKP:1002294179-001&printsec=frontcover  |y Digitalizovaný dokument  |z Bd. 2 
910 |a BOA001  |b 1-0079.180  |s 1-2 
920 |a 000685381 
990 |a BK 
993 |a Y 
991 |b 202506 
996 6 |b 2618779101  |c 1-0079.180  |d 2. Band  |v 2  |l MZK  |r Sklad / do 1 hodiny  |n 0  |w 002008994  |u 000020  |a 1  |e BOA001  |j MZK50  |s P 
996 6 |b 2619442787  |c 1-0079.180  |d 1. Band  |v 1  |l MZK  |r Sklad / do 1 hodiny  |n 0  |w 002008994  |u 000010  |a 1  |e BOA001  |j MZK50  |s P